| 000 | 00516nam a2200217Ia 4500 | ||
|---|---|---|---|
| 003 | OSt | ||
| 005 | 20220928142930.0 | ||
| 006 | a|||||r|||| 00| 0 | ||
| 007 | ta | ||
| 008 | 220927b |||||||| |||| 00| 0 eng d | ||
| 024 | _a20237 | ||
| 037 | _cTextual | ||
| 040 |
_aSDCL _cSDCL _beng |
||
| 041 |
_2eng _aeng |
||
| 082 | _aB6, N8 | ||
| 100 |
_aStillwell John _9415947 |
||
| 245 | 0 | _aNumbers and geometry. | |
| 260 | _c1998 | ||
| 942 |
_hB6, N8 _cTEXL _2CC |
||
| 999 |
_c822373 _d822373 |
||